Jak odměňovat a motivovat pracovníky: tipy a doporučení

Vonkajšie a vnútorné odmeny. Odmeňovanie talentovaných pracovníkov. Úlohy talent manažmentu. Flexibilita alebo ako odmeňovať výkonných pracovníkov. Štruktúra pracovnej motivácie. 4 rady ako motivovať a odmeňovať.

Guardado en:
Detalles Bibliográficos
Autor principal: Horňáková, Šárka
Formato: Capítulo de libro
Lenguaje:checo
Materias:
Etiquetas: Agregar Etiqueta
Sin Etiquetas, Sea el primero en etiquetar este registro!

MARC

LEADER 00000naa a2200000 4500
001 0155181
005 20231019115851.1
041 0 |a cze 
044 |a CZ 
245 1 0 |a Jak odměňovat a motivovat pracovníky: tipy a doporučení  |c Šárka Horňáková 
520 |a Vonkajšie a vnútorné odmeny. Odmeňovanie talentovaných pracovníkov. Úlohy talent manažmentu. Flexibilita alebo ako odmeňovať výkonných pracovníkov. Štruktúra pracovnej motivácie. 4 rady ako motivovať a odmeňovať. 
610 2 0 |a zamestnanci 
610 2 0 |a odmeňovanie 
610 2 0 |a odmeny výkonnostné 
610 2 0 |a motivácia pracovná 
100 1 |a Horňáková, Šárka